The big book of weekend woodworking : 150 easy projects

Main Author: Nelson, John A
Other Authors: Nelson, Joyce C.
Subjects:
Online Access: http://library.unisel.edu.my/web/guest/mylibrary
LEADER 00719cam a2200205 7i4500
001 0000054148
005 20260306090000.0
020 |a 9781579906009 (electronic book)  
090 0 0 |a TT180   |b .N77 2005 
100 1 |a Nelson, John A  
245 1 4 |a The big book of weekend woodworking :   |b 150 easy projects   |c John A. and Joyce C. Nelson. 
300 |a 1 online resource (446 pages):   |b colour illustrations, text file, PDF. 
336 |a text  |2 rdacontent 
337 |a computer  |2 rdamedia 
338 |a online resource  |2 rdacarrier 
650 0 |a Woodwork  
655 0 |a Electronic books 
700 1 |a Nelson, Joyce C.  
856 4 2 |u http://library.unisel.edu.my/web/guest/mylibrary 
999 |a EBO0000552  |b EBOOK  |c EBOOK  |e Electronic resources